| 000 | 00962nas a2200313 4500 | ||
|---|---|---|---|
| 001 | BR0304400 | ||
| 003 | BR-BrBNA | ||
| 005 | 20231205104034.0 | ||
| 007 | ta | ||
| 008 | 230509b bl.|||p| |||| 00| 00por d | ||
| 040 |
_aBR-BrBNA _bpor _cBiblioteca Nacional de Agricultura |
||
| 041 | _a(Pt) | ||
| 072 | _aH10 | ||
| 100 | 1 | _aWeigert, S.C. | |
| 100 | 1 | _aFigueiredo, M.R.C. | |
| 100 | 1 | _aLoebmann, D. | |
| 100 | 1 | _aNunes, J.A.E. | |
| 100 | 1 | _aSantos, A.L.G. dos | |
| 245 | 1 | _aInfluência da temperatura e do tipo de substrato na produção de larvas de Musca domestica Linnaeus, 1758 (Diptera, Muscidae) | |
| 650 | _aLARVA | ||
| 650 | _aMOSCA | ||
| 650 | _aRANICULTURA | ||
| 650 | _aTEMPERATURA | ||
| 650 | _aSUBSTRATO | ||
| 650 | _aCRIAÇÃO MASSAL | ||
| 773 | 0 |
_tRevista Brasileira de Zootecnia (Brazil) _xISSN 1516-3598 _g(Sep-Oct 2002), v. 31(5) p. 1886-1889 _wBR0304400 |
|
| 909 |
_a202311 _bLúcia _c55 _dLúcia Elande |
||
| 942 |
_2AGRIS _n0 _cANA |
||
| 999 |
_c176037 _d176037 |
||